FUTBOL PROFESÖRÜ DEHA ALTIN AYAK (Record no. 985952)
[ view plain ]
| 000 -LEADER | |
|---|---|
| sabit uzunluktaki kontrol alanı | 00252nam a2200097Ia 4500 |
| 001 - KONTROL NUMARASI | |
| kontrol alanı | 985952 |
| 005 - EN SON İŞLEMİN TARİH VE ZAMANI | |
| kontrol alanı | 20250826221052.0 |
| 008 - SABİT-UZUNLUKTA VERİ ÖĞELERİ--GENEL BİLGİ | |
| sabit uzunluktaki kontrol alanı | 250824s9999 xx 000 0 und d |
| 245 #0 - ESER / YAZAR | |
| ESER ADI | FUTBOL PROFESÖRÜ DEHA ALTIN AYAK |
| Yazar Adı | SİN EREN |
| 260 ## - YAYIN, DAĞITIM, VB. | |
| YAYIN EVİ | DOKUZ YAYINLARI |
No items available.